000 01392nam a2200385 c 4500
003 BLK
005 20230622085548.0
008 180411b bul|||||r ||||||| ||bul||
010 _aKNG00175998000
040 _aBLK
041 _aBUL
_cBUL
072 7 _2bullib
_aЯ
_xАвтографи
072 7 _2bullib
_aК
_xКраезнание
080 _aБългарска литература
_b821.163.2
_x-32
_z821.163.2-32
100 1 _aДашков, Тодор Христов
_d1890-1965
_9382461
139 _aДашков, Тодор Христов
_bД 25
245 1 0 _aСиният вир
_bРазкази
_cТодор Христов Дашков.
257 _aBGR
260 _bСветлоструй
_c1935
_fРусе : Дунав
_aРусе
300 _a171 с.
_c18 см
380 _aX
659 _aК
659 _aЯ
852 _aЦб 8. 175.4591
_bО
852 _aК 821.163.2-32/Д 25 Т
_bК
852 _aЦб І 40250
_bО
856 4 _qpdf
_i0.00
_linternal use only
_fСиният вир
_uhttp://185.138.176.146:18082/cgi-bin/koha/opac-retrieve-file.pl?id=08e678d3559ea4c5105afa514b6625d1
_xebook
_zСиният вир
942 _cKNG
_n0
_s1
944 _aCR
_c29.05.2015
_kВалентина_Караджова
944 _aED
_c16.06.2015
_kВаля_Йорданова
999 _c168128
_d168128
999 _d168128
999 _d168128
999 _d168128
999 _d168128